[Event "Johannesburg PSS Prestige op"]
[Site "Johannesburg"]
[Date "2017.04.23"]
[Round "9"]
[White "Parodi, Alessandro"]
[Black "Jonker, Waldo"]
[Result "1-0"]
[WhiteElo "2027"]
[BlackElo "1640"]
[PlyCount "79"]
[EventDate "2017.04.22"]
[EventType "swiss (rapid)"]
[EventRounds "10"]
[EventCountry "RSA"]
[SourceTitle "CBM 177 Extra"]
[Source "ChessBase"]
[SourceDate "2017.04.27"]
[SourceVersion "1"]
[SourceVersionDate "2017.04.27"]
[SourceQuality "1"]

1. d4 c5 2. d5 e5 3. c4 d6 4. Nc3 Be7 5. g3 Bg5 6. Nf3 Bxc1 7. Qxc1 Nf6 8. Bg2 0-0 9. 0-0 Ne8 10. a3 a6 11. b4 b6 12. bxc5 bxc5 13. Rb1 Nd7 14. Ng5 h6 15. Ne6 fxe6 16. dxe6 Nb6 17. e7 Qxe7 18. Rxb6 Ra7 19. Qd2 Be6 20. Nd5 Qf7 21. e3 Qg6 22. Rxa6 Raf7 23. f4 Kh8 24. e4 Bxd5 25. f5 Bxc4 26. Ra4 Qf6 27. Rxc4 Ra7 28. a4 Qe7 29. h4 Nf6 30. Rd1 Ra6 31. Bf1 Rfa8 32. a5 Rxa5 33. Qxd6 Qxd6 34. Rxd6 Ng4 35. Be2 Nf6 36. Re6 Nd7 37. Rc2 Ra2 38. Rxa2 Rxa2 39. Bc4 Nf6 40. Bxa2 1-0

[Event "Johannesburg PSS Prestige op"]
[Site "Johannesburg"]
[Date "2017.04.22"]
[Round "1"]
[White "Mosetlhe, Kgaugelo"]
[Black "Jonker, Waldo"]
[Result "1-0"]
[WhiteElo "2162"]
[BlackElo "1640"]
[PlyCount "93"]
[EventDate "2017.04.22"]
[EventType "swiss (rapid)"]
[EventRounds "10"]
[EventCountry "RSA"]
[SourceTitle "CBM 177 Extra"]
[Source "ChessBase"]
[SourceDate "2017.04.27"]
[SourceVersion "1"]
[SourceVersionDate "2017.04.27"]
[SourceQuality "1"]

1. Nf3 c5 2. g3 g6 3. Bg2 Bg7 4. d4 cxd4 5. Nxd4 Nc6 6. Nxc6 bxc6 7. 0-0 Nf6 8. c4 0-0 9. Nc3 a5 10. Qc2 Ba6 11. c5 Rb8 12. Rd1 Re8 13. Bf4 e5 14. Bg5 Qc7 15. Bh3 Bc8 16. Rab1 Rb4 17. b3 Nd5 18. Rxd5 cxd5 19. Nxd5 Qc6 20. Bg2 e4 21. Nxb4 axb4 22. Be3 Ba6 23. Rd1 Bb5 24. Rd6 Qa8 25. Rb6 Bc6 26. Rxb4 Qa5 27. Bd2 Qa8 28. Rb6 e3 29. Bxc6 exf2+ 30. Kxf2 dxc6 31. Bf4 Qd8 32. Rb8 Bd4+ 33. Kg2 Qe7 34. Bd6 Qe6 35. Rxe8+ Qxe8 36. Qd3 Bb2 37. a4 Qe6 38. a5 h5 39. a6 h4 40. h3 hxg3 41. a7 Qc8 42. Bb8 Qb7 43. Qd8+ Kh7 44. Be5 Bxe5 45. a8Q Qxb3 46. Qh4+ Kg7 47. Qah8# 1-0